Skład reprezentacji Polski na Mistrzostwach Świata 2018 - Statystyki

Ogólne statystyki
  • Ten quiz został rozwiązany 234 razy
  • Średni wynik to 11 z 15
Statystyki odpowiedzi
Numer Nazwisko % Poprawnych
6 Bartosz Kurek
91%
1 Piotr Nowakowski
89%
13 Michał Kubiak
85%
Trener Vital Heynen
85%
17 Paweł Zatorski
77%
7 Artur Szalpuk
74%
11 Fabian Drzyzga
73%
20 Mateusz Bieniek
73%
3 Dawid Konarski
72%
15 Jakub Kochanowski
70%
14 Aleksander Śliwka
66%
12 Grzegorz Łomacz
66%
18 Bartosz Kwolek
57%
10 Damian Wojtaszek
57%
8 Damian Schulz
43%
Nie znaleziono quizów pasujących do podanych kryteriów
Rozkład punktacji
Procent ludzi z każdym wynikiem
Percentyl według liczby udzielonych odpowiedzi
Twoja historia wyników
Nie rozwiązałeś tego quizu